00927nam a2200193 a 4500020002700000020001500027020003000042082001600072100002300088245004800111250001200159260004400171300001300215520036600228650003400594700001900628700001600647856007000663 a0632029633 (paperback) a0849377323 a9780632029631 (paperback) a546.224 EBS1 aEbsworth, E. A. V.10aStructural methods in inorganic chemistry / a2nd ed. a[S.l.] :bBlackwell Science Ltd,c1991. a528 p. ; aThis text describes the methods used for studying the structures of inorganic compounds, with emphasis on applications rather than theory. The chapter on case studies has been revised and expanded for this edition. Other new features include 24 worked examples in which single techniques are highlighted, and revision material which focuses on NMR spectroscopy. achemistry,inorganic chemistry1 aRankin, D.W.H.1 aCradock, S.40uhttp://www.amazon.com/exec/obidos/ASIN/0632029633/chopaconline-20